Online
Catalog

Orgullo y prejuicio. / (Record no. 19549)

MARC details
000 -CABECERA
campo de control de longitud fija 00615cam a22002171 4500
001 - NÚMERO DE CONTROL
campo de control 000020037
005 - FECHA Y HORA DE LA ÚLTIMA TRANSACCIÓN
campo de control 20240904103801.0
008 - DATOS DE LONGITUD FIJA--INFORMACIÓN GENERAL
campo de control de longitud fija 751003s1959 mx a j 000 0 spa
010 ## - NÚMERO DE CONTROL DE LA BIBLIOTECA DEL CONGRESO
Número de control de LC 60024373
035 ## - NÚMERO DE CONTROL DEL SISTEMA
Número de control de sistema (OCoLC)1672815
040 ## - FUENTE DE LA CATALOGACIÓN
Centro catalogador/agencia de origen DO-SdBNP
Centro/agencia transcriptor FM
Centro/agencia modificador DLC
042 ## - CÓDIGO DE AUTENTICACIÓN
Código de autenticación premarc
050 00 - SIGNATURA TOPOGRÁFICA DE LA BIBLIOTECA DEL CONGRESO
Número de clasificación PR4034.P7
Número de documento/Ítem S6
100 1# - ENTRADA PRINCIPAL--NOMBRE DE PERSONA
Nombre de persona Austen, Jane,
Fechas asociadas al nombre 1775-1817
9 (RLIN) 38178
245 10 - MENCIÓN DE TÍTULO
Título Orgullo y prejuicio. /
Mención de responsabilidad, etc. Introd. de Carlos Fuentes.
250 ## - MENCIÓN DE EDICIÓN
Mención de edición [1. ed.]
260 ## - PUBLICACIÓN, DISTRIBUCIÓN, ETC.
Lugar de publicación, distribución, etc. Barcelona, :
Nombre del editor, distribuidor, etc. El Siglo,
Fecha de publicación, distribución, etc. 1959.
300 ## - DESCRIPCIÓN FÍSICA
Extensión 364 p. :
Otras características físicas illus. ;
Dimensiones 18 cm.
490 0# - MENCIÓN DE SERIE
Mención de serie Nuestros clasicos,
Designación de volumen o secuencia 8
910 ## - DATOS DE OPCIÓN DEL USUARIO (OCLC)
Datos de opción del usuario Catalogación derivada / LC
Holdings
Estado de retiro Estado de pérdida Restricciones de uso No para préstamo Código de colección Localización permanente Ubicación/localización actual Ubicación en estantería Fecha de adquisición Número de inventario Total de préstamos Signatura topográfica completa Código de barras Fecha visto por última vez Precio válido a partir de Tipo de ítem Koha
      Excluido de préstamo Monografías: Libros y Folletos General General En catalogación 15.07.2010 LF1   20037-10 25.06.2020 25.06.2020 No se presta

Powered by Koha